Kỹ thuật truyền tin số và truyền dữ liệu /
Chương 1: Hệ thống truyền tin điện tử và truyền tin số
Salvato in:
| Autore principale: | |
|---|---|
| Altri autori: | |
| Natura: | Libro |
| Lingua: | Vietnamese |
| Pubblicazione: |
H. :
Giáo dục ,
2005
|
| Edizione: | In lần thứ 1 |
| Soggetti: | |
| Tags: |
Aggiungi Tag
Nessun Tag, puoi essere il primo ad aggiungerne! !
|
| Thư viện lưu trữ: | Thư viện Trường CĐ Kỹ Thuật Cao Thắng |
|---|
| LEADER | 01677nam a2200373 a 4500 | ||
|---|---|---|---|
| 001 | TVCDKTCT5155 | ||
| 003 | Thư viện trường Cao đẳng Kỹ thuật Cao Thắng | ||
| 005 | 20170529135627.9 | ||
| 008 | 060428 | ||
| 980 | \ | \ | |a Thư viện Trường CĐ Kỹ Thuật Cao Thắng |
| 024 | |a RG_1 #1 eb0 i1 i5 | ||
| 041 | 0 | # | |a vie |
| 082 | # | # | |a 537 / |b TH103N-k |
| 100 | 1 | # | |a Phạm Minh Việt |
| 245 | 0 | 0 | |a Kỹ thuật truyền tin số và truyền dữ liệu / |c Phạm Minh Việt, Thái Hồng Nhị |
| 250 | # | # | |a In lần thứ 1 |
| 260 | # | # | |a H. : |b Giáo dục , |c 2005 |
| 300 | # | # | |a 260tr. ; |c 27cm |
| 520 | # | # | |a Chương 1: Hệ thống truyền tin điện tử và truyền tin số |
| 520 | # | # | |a Chương 2: Truyền dẫn số |
| 520 | # | # | |a Chương 3: Radio số và điều chế tín hiệu radio số |
| 520 | # | # | |a Chương 4: Ghép kênh số |
| 520 | # | # | |a Chương 5: Truyền dữ liệu |
| 520 | # | # | |a Chương 6: Kiểm tra lỗi và các mã sửa lỗi dữ liệu truyền tin |
| 520 | # | # | |a Nội dung sách được trình bày trong 6 chương : |
| 650 | # | 4 | |a Công nghệ thông tin |
| 650 | # | 4 | |a Điện tử -Tin học |
| 650 | # | 4 | |a Điện tử -Viễn thông |
| 700 | 0 | # | |a Thái Hồng Nhị |
| 721 | # | # | |a CNKT Điện tử |
| 721 | # | # | |a CNKT Điện tử viễn thông |
| 721 | # | # | |a Công nghệ thông tin |
| 841 | # | # | |b Kho Sách |j 100016520, 100016521, 100016522, 100016523, 100016524, 100016525 |
| 841 | # | # | |b Kho Tra Cứu |j 500001603, 500001604, 500001605, 500001606 |